[Event "FICGS class F 000226 email"]
[Site "FICGS email"]
[Date "2020.03.06"]
[Round "1"]
[White "Martinez Camacho, Victor Hugo"]
[Black "Bromo, Alexis"]
[Result "1-0"]
[WhiteElo "1213"]
[BlackElo "1150"]
[PlyCount "21"]
[EventDate "2020.??.??"]
[EventType "tourn (corr)"]
[EventRounds "5"]
[SourceTitle "Corr 2022"]
[Source "ChessBase"]
[SourceDate "2021.10.24"]
[SourceVersion "1"]
[SourceVersionDate "2021.10.24"]
[SourceQuality "1"]

1. e4 e5 2. Nf3 Nc6 3. Bb5 d6 4. d4 Bg4 5. dxe5 dxe5 6. Qxd8+ Rxd8 7. Bxc6+ bxc6 8. Nbd2 Bc5 9. 0-0 Bd6 10. Nc4 Nf6 11. Bg5 1-0

[Event "FICGS rapid E 000236 email"]
[Site "FICGS email"]
[Date "2020.02.20"]
[Round "1"]
[White "Bromo, Alexis"]
[Black "Martinez Camacho, Victor Hugo"]
[Result "0-1"]
[WhiteElo "1160"]
[BlackElo "1217"]
[PlyCount "40"]
[EventDate "2020.??.??"]
[EventType "tourn (rapid)"]
[EventRounds "6"]
[SourceTitle "Corr 2022"]
[Source "ChessBase"]
[SourceDate "2021.10.24"]
[SourceVersion "1"]
[SourceVersionDate "2021.10.24"]
[SourceQuality "1"]

1. e4 e5 2. d4 exd4 3. Qxd4 Nc6 4. Qc3 Qf6 5. Qxf6 Nxf6 6. Nc3 Bb4 7. Bd2 0-0 8. Bd3 d6 9. 0-0-0 Be6 10. a3 Ba5 11. f4 Ng4 12. Rf1 Bb6 13. h3 Nf2 14. Rh2 Nxd3+ 15. cxd3 Bb3 16. Nb5 a6 17. Nc3 Nd4 18. Nf3 Nxf3 19. gxf3 g6 20. f5 Rfd8 0-1

[Event "FICGS rapid E 000236 email"]
[Site "FICGS email"]
[Date "2020.02.20"]
[Round "1"]
[White "Bromo, Alexis"]
[Black "Puzanov, Vasyl"]
[Result "0-1"]
[WhiteElo "1160"]
[BlackElo "620"]
[PlyCount "44"]
[EventDate "2020.??.??"]
[EventType "tourn (rapid)"]
[EventRounds "6"]
[SourceTitle "Corr 2022"]
[Source "ChessBase"]
[SourceDate "2021.10.24"]
[SourceVersion "1"]
[SourceVersionDate "2021.10.24"]
[SourceQuality "1"]

1. d4 e5 2. c4 exd4 3. Qxd4 Nc6 4. Qd1 Nf6 5. Nf3 d5 6. e3 Bg4 7. Be2 dxc4 8. Nc3 Qxd1+ 9. Nxd1 Bb4+ 10. Nc3 0-0-0 11. a3 Bxc3+ 12. bxc3 Na5 13. Rb1 Ne4 14. 0-0 Nxc3 15. Rb2 Nxe2+ 16. Rxe2 c3 17. Rc2 Bxf3 18. gxf3 Rd3 19. f4 b5 20. e4 Nc4 21. Re1 a5 22. e5 b4 0-1

[Event "FICGS rapid E 000236 email"]
[Site "FICGS email"]
[Date "2020.02.20"]
[Round "1"]
[White "Piantadosi, Angelo"]
[Black "Bromo, Alexis"]
[Result "1-0"]
[WhiteElo "1391"]
[BlackElo "1160"]
[PlyCount "33"]
[EventDate "2020.??.??"]
[EventType "tourn (rapid)"]
[EventRounds "6"]
[SourceTitle "Corr 2022"]
[Source "ChessBase"]
[SourceDate "2021.10.24"]
[SourceVersion "1"]
[SourceVersionDate "2021.10.24"]
[SourceQuality "1"]

1. e4 e5 2. Nf3 Nc6 3. Bb5 d6 4. d4 Bd7 5. dxe5 dxe5 6. 0-0 a6 7. Ba4 h6 8. Nc3 b5 9. Bb3 Nf6 10. h3 Bc5 11. Re1 0-0 12. Be3 Bxe3 13. Rxe3 Re8 14. Nd5 Nxd5 15. Bxd5 Rb8 16. Rd3 Nb4 17. Rd2 1-0

[Event "FICGS class F 000225 email"]
[Site "FICGS email"]
[Date "2020.02.09"]
[Round "1"]
[White "Bromo, Alexis"]
[Black "Piantadosi, Angelo"]
[Result "0-1"]
[WhiteElo "1160"]
[BlackElo "1391"]
[PlyCount "38"]
[EventDate "2020.??.??"]
[EventType "tourn (corr)"]
[EventRounds "5"]
[SourceTitle "Corr 2022"]
[Source "ChessBase"]
[SourceDate "2021.10.24"]
[SourceVersion "1"]
[SourceVersionDate "2021.10.24"]
[SourceQuality "1"]

1. e4 Nf6 2. Nc3 d5 3. exd5 Nxd5 4. d4 Nxc3 5. bxc3 e6 6. Nf3 c5 7. Bb5+ Bd7 8. Bxd7+ Nxd7 9. 0-0 Be7 10. Re1 0-0 11. Rb1 Rc8 12. Rxb7 Rc7 13. Rxc7 Qxc7 14. d5 Nf6 15. dxe6 fxe6 16. Rxe6 Rd8 17. Qe2 Bf8 18. Qc4 Kh8 19. Ng5 Rd1+ 0-1

[Event "FICGS rapid E 000235 email"]
[Site "FICGS email"]
[Date "2020.01.21"]
[Round "1"]
[White "Bromo, Alexis"]
[Black "Marcel, Alexis"]
[Result "1-0"]
[WhiteElo "1160"]
[BlackElo "1213"]
[PlyCount "67"]
[EventDate "2020.??.??"]
[EventType "tourn (rapid)"]
[EventRounds "6"]
[SourceTitle "Corr 2022"]
[Source "ChessBase"]
[SourceDate "2021.10.24"]
[SourceVersion "1"]
[SourceVersionDate "2021.10.24"]
[SourceQuality "1"]

1. d4 f5 2. c4 Nf6 3. Nc3 g6 4. Bg5 Bg7 5. e3 0-0 6. Nf3 d6 7. d5 Nbd7 8. Be2 a6 9. 0-0 Re8 10. Re1 Kf7 11. Bxf6 exf6 12. Bd3 Ne5 13. e4 fxe4 14. Nxe4 Nxf3+ 15. Qxf3 f5 16. Ng3 Bxb2 17. Rxe8 Qxe8 18. Rd1 Bd7 19. Ne4 Kg7 20. Ng5 Bf6 21. Ne6+ Bxe6 22. dxe6 Qxe6 23. Qxb7 Qc8 24. Qc6 a5 25. c5 dxc5 26. Bc4 Bd4 27. Re1 Kf8 28. Qd5 Kg7 29. Re7+ Kh6 30. Qf3 Bf6 31. Qh3+ Kg5 32. Rxh7 Kf4 33. Qe3+ Kg4 34. Qg3# 1-0

[Event "FICGS class F 000224 email"]
[Site "FICGS email"]
[Date "2020.01.13"]
[Round "1"]
[White "Bromo, Alexis"]
[Black "Marcel, Alexis"]
[Result "1-0"]
[WhiteElo "1160"]
[BlackElo "1213"]
[PlyCount "41"]
[EventDate "2020.??.??"]
[EventType "tourn (corr)"]
[EventRounds "5"]
[SourceTitle "Corr 2022"]
[Source "ChessBase"]
[SourceDate "2021.10.24"]
[SourceVersion "1"]
[SourceVersionDate "2021.10.24"]
[SourceQuality "1"]

1. d4 f5 2. e3 Nf6 3. c4 g6 4. Nc3 Bg7 5. Nf3 d6 6. Bd2 0-0 7. Bd3 Re8 8. h3 Nbd7 9. Ng5 Nb6 10. c5 dxc5 11. Qb3+ e6 12. 0-0 cxd4 13. exd4 Nfd5 14. Nxd5 Nxd5 15. Rfe1 Qd6 16. Bc4 c6 17. Rad1 Bxd4 18. Bb4 c5 19. Rxd4 cxb4 20. Bxd5 Bd7 21. Bxe6+ 1-0

[Event "FICGS rapid E 000234 email"]
[Site "FICGS email"]
[Date "2020.01.05"]
[Round "1"]
[White "George, Sebastine"]
[Black "Bromo, Alexis"]
[Result "1-0"]
[WhiteElo "1240"]
[BlackElo "1160"]
[PlyCount "59"]
[EventDate "2020.??.??"]
[EventType "tourn (rapid)"]
[EventRounds "6"]
[SourceTitle "Corr 2022"]
[Source "ChessBase"]
[SourceDate "2021.10.24"]
[SourceVersion "1"]
[SourceVersionDate "2021.10.24"]
[SourceQuality "1"]

1. h3 e5 2. a3 d5 3. e3 Nf6 4. d4 e4 5. c4 c6 6. Nc3 dxc4 7. Bxc4 b5 8. Bb3 Be6 9. Bc2 b4 10. axb4 Bxb4 11. Nge2 Nbd7 12. Bd2 Bxc3 13. bxc3 Bc4 14. 0-0 Nd5 15. Bxe4 N7f6 16. Bf3 0-0 17. e4 Bxe2 18. Qxe2 Re8 19. Qc4 Ne7 20. Bg5 Ng6 21. e5 h6 22. Bxh6 gxh6 23. exf6 Qxf6 24. Qxc6 Qg5 25. Qxa8 Rxa8 26. Bxa8 Nf4 27. Kh2 h5 28. Rxa7 h4 29. Bf3 Nxh3 30. Kxh3 1-0

[Event "FICGS class F 000223 email"]
[Site "FICGS email"]
[Date "2020.01.04"]
[Round "1"]
[White "Bromo, Alexis"]
[Black "Hadden, John"]
[Result "0-1"]
[WhiteElo "1160"]
[BlackElo "1187"]
[PlyCount "48"]
[EventDate "2020.??.??"]
[EventType "tourn (corr)"]
[EventRounds "5"]
[SourceTitle "Corr 2022"]
[Source "ChessBase"]
[SourceDate "2021.10.24"]
[SourceVersion "1"]
[SourceVersionDate "2021.10.24"]
[SourceQuality "1"]

1. d4 d5 2. c4 dxc4 3. e4 e6 4. Bxc4 Bd7 5. Nf3 Bb4+ 6. Nc3 Bxc3+ 7. bxc3 Ne7 8. Ba3 b5 9. Bb3 a5 10. 0-0 0-0 11. Re1 c6 12. Rc1 Qb6 13. c4 Re8 14. d5 bxc4 15. Bxc4 cxd5 16. exd5 Nxd5 17. Bxd5 exd5 18. Qxd5 Rxe1+ 19. Rxe1 Qc6 20. Qxc6 Nxc6 21. Rd1 Bg4 22. h3 Bxf3 23. gxf3 h6 24. Kg2 Kh7 0-1

[Event "FICGS class F 000223 email"]
[Site "FICGS email"]
[Date "2020.01.04"]
[Round "1"]
[White "Tang, George"]
[Black "Bromo, Alexis"]
[Result "1-0"]
[WhiteElo "1232"]
[BlackElo "1160"]
[PlyCount "25"]
[EventDate "2020.??.??"]
[EventType "tourn (corr)"]
[EventRounds "5"]
[SourceTitle "Corr 2022"]
[Source "ChessBase"]
[SourceDate "2021.10.24"]
[SourceVersion "1"]
[SourceVersionDate "2021.10.24"]
[SourceQuality "1"]

1. e4 e5 2. d4 d6 3. dxe5 dxe5 4. Qxd8+ Kxd8 5. Nf3 Nc6 6. Bc4 h6 7. Nc3 Bb4 8. Bd2 Nf6 9. 0-0-0 Ke7 10. Nd5+ Nxd5 11. exd5 Bxd2+ 12. Rxd2 Re8 13. dxc6 1-0

[Event "FICGS rapid E 000233 email"]
[Site "FICGS email"]
[Date "2019.12.13"]
[Round "1"]
[White "Bromo, Alexis"]
[Black "Marcel, Alexis"]
[Result "0-1"]
[WhiteElo "1207"]
[BlackElo "1100"]
[PlyCount "68"]
[EventDate "2019.??.??"]
[EventType "tourn (rapid)"]
[EventRounds "6"]
[SourceTitle "Corr 2022"]
[Source "ChessBase"]
[SourceDate "2021.10.24"]
[SourceVersion "1"]
[SourceVersionDate "2021.10.24"]
[SourceQuality "1"]

1. d4 f5 2. c4 Nf6 3. Nc3 g6 4. Nf3 Bg7 5. e3 d6 6. Be2 0-0 7. 0-0 Nbd7 8. h3 Re8 9. Re1 e5 10. d5 Nc5 11. b4 Nce4 12. Nxe4 Nxe4 13. Bb2 Bd7 14. Ba3 Nc3 15. Qb3 Nxe2+ 16. Rxe2 e4 17. Nd4 a6 18. c5 dxc5 19. bxc5 Rb8 20. d6+ Kh8 21. dxc7 Qxc7 22. Rd1 Rbd8 23. Rc2 h6 24. h4 Kh7 25. f3 exf3 26. Nxf3 Bc6 27. Rxd8 Rxd8 28. Rc1 Bxf3 29. gxf3 Qg3+ 30. Kf1 Qxf3+ 31. Ke1 Qg3+ 32. Ke2 Qxh4 33. c6 Qh2+ 34. Ke1 Rd2 0-1

[Event "FICGS rapid E 000215 email"]
[Site "FICGS email"]
[Date "2018.07.29"]
[Round "1"]
[White "Kehayov, Yulian"]
[Black "Bromo, Alexis"]
[Result "0-1"]
[WhiteElo "1038"]
[BlackElo "1352"]
[PlyCount "28"]
[EventDate "2018.??.??"]
[EventType "tourn (rapid)"]
[EventRounds "6"]
[SourceTitle "Corr 2022"]
[Source "ChessBase"]
[SourceDate "2021.10.24"]
[SourceVersion "1"]
[SourceVersionDate "2021.10.24"]
[SourceQuality "1"]

1. d4 d5 2. e3 Nc6 3. Nf3 Nf6 4. Bd3 Bg4 5. 0-0 e6 6. h3 Bh5 7. g4 Bg6 8. Bxg6 hxg6 9. Kg2 Bd6 10. Nc3 a6 11. Re1 Qe7 12. Ng5 0-0-0 13. e4 dxe4 14. Ncxe4 Nxe4 0-1

[Event "FICGS rapid E 000215 email"]
[Site "FICGS email"]
[Date "2018.07.29"]
[Round "1"]
[White "MacDonald, Murdo"]
[Black "Bromo, Alexis"]
[Result "0-1"]
[WhiteElo "1314"]
[BlackElo "1352"]
[PlyCount "20"]
[EventDate "2018.??.??"]
[EventType "tourn (rapid)"]
[EventRounds "6"]
[SourceTitle "Corr 2022"]
[Source "ChessBase"]
[SourceDate "2021.10.24"]
[SourceVersion "1"]
[SourceVersionDate "2021.10.24"]
[SourceQuality "1"]

1. e4 c5 2. Nf3 Nc6 3. Bb5 d6 4. Nc3 Bd7 5. 0-0 a6 6. Ba4 b5 7. d4 bxa4 8. Nxa4 e6 9. Bf4 h6 10. e5 dxe5 0-1

[Event "FICGS class F 000204 email"]
[Site "FICGS email"]
[Date "2018.07.23"]
[Round "1"]
[White "Bromo, Alexis"]
[Black "Barradas, Anderson"]
[Result "0-1"]
[WhiteElo "1352"]
[BlackElo "1234"]
[PlyCount "48"]
[EventDate "2018.??.??"]
[EventType "tourn (corr)"]
[EventRounds "5"]
[SourceTitle "Corr 2022"]
[Source "ChessBase"]
[SourceDate "2021.10.24"]
[SourceVersion "1"]
[SourceVersionDate "2021.10.24"]
[SourceQuality "1"]

1. d4 d5 2. c4 c6 3. Nf3 Nf6 4. Nc3 Bf5 5. h3 e6 6. Bg5 Be7 7. e3 0-0 8. Bd3 Ne4 9. Bxe7 Qxe7 10. 0-0 Nd7 11. c5 b5 12. b4 Nxc3 13. Qc2 Bxd3 14. Qxd3 Ne4 15. Ne5 a5 16. a3 Nxe5 17. dxe5 f5 18. f3 Ng3 19. f4 Nxf1 20. Rxf1 axb4 21. axb4 Ra4 22. Qd4 Rfa8 23. Kh2 Qh4 24. g3 Ra2+ 0-1

[Event "FICGS class F 000204 email"]
[Site "FICGS email"]
[Date "2018.07.23"]
[Round "1"]
[White "Wood, Brian"]
[Black "Bromo, Alexis"]
[Result "1-0"]
[WhiteElo "1277"]
[BlackElo "1352"]
[PlyCount "31"]
[EventDate "2018.??.??"]
[EventType "tourn (corr)"]
[EventRounds "5"]
[SourceTitle "Corr 2022"]
[Source "ChessBase"]
[SourceDate "2021.10.24"]
[SourceVersion "1"]
[SourceVersionDate "2021.10.24"]
[SourceQuality "1"]

1. Nf3 d5 2. c4 e6 3. d4 Nf6 4. Nc3 c6 5. Bg5 Be7 6. e3 h6 7. Bh4 0-0 8. Bd3 Nbd7 9. 0-0 c5 10. Qb3 b6 11. cxd5 exd5 12. Nxd5 Nxd5 13. Qxd5 Bxh4 14. Qxa8 cxd4 15. Qe4 Nc5 16. Qh7# 1-0